| 000 | 00584nam a2200145Ia 4500 | ||
|---|---|---|---|
| 008 | 250506s9999 xx 000 0 und d | ||
| 024 | _a09B-62-EE, 10B-62-Ee, 10B-79-EE & 10B-89-EE | ||
| 082 | _a670.427072 TAH | ||
| 100 | _aTahir Mahmood, Minhaj Ahmed, Rameez Ahmed Khan & Ali raza | ||
| 245 | 0 | _aHome Automation Via Android Application | |
| 260 |
_aKarachi: _bUIT, _c2010 |
||
| 600 | _aElectronic Engineering | ||
| 650 | _aBachelor of Engineering (BE) | ||
| 856 |
_uhttps://drive.google.com/file/d/1wm1NsrtSAr0WCt4jDg-uczOJ7-ZSmQK-/view?usp=sharing _yClick here for Online Reading |
||
| 999 |
_c28042 _d28042 |
||